The fortune-hunter : or, Roving Joe as miner, cowboy, trapper, and hunter /

Bibliographic Details
Main Author: Badger, Jos. E. (Joseph Edward), 1848-1909
Format: Book
Language:English
Published: New York : Beadle and Adams, 1882.
Series:Beadle's boy's library of sport, story, and adventure (Quarto) ; no. 29.
Beadle's dime novels ; B4-29.

MARC

Tag First Indicator Second Indicator Subfields
LEADER 00000cam a2200000 i 4500
001 in00001366621
005 20151006080533.0
008 800905r19811882miu a 000 1 eng d
035 |a (OCoLC)06686885 
035 |9 AHJ1041AM 
037 |a CL0054000004  |b University Microfilms International 
037 |b University Microfilms International, 300 N. Zeeb Rd., Ann Arbor, MI 48106 
040 |a UMI  |c UMI  |d UtOrBLW 
049 |a TXAI 
090 |a PS1056.B35  |b F63 
099 |a film  |a B  |a 3866 
100 1 |a Badger, Jos. E.  |q (Joseph Edward),  |d 1848-1909. 
245 1 4 |a The fortune-hunter :  |b or, Roving Joe as miner, cowboy, trapper, and hunter /  |c by A. H. Post [as printed]. 
264 1 |a New York :  |b Beadle and Adams,  |c 1882. 
300 |a 15 pages 
336 |a text  |b txt  |2 rdacontent 
337 |a microform  |b h  |2 rdamedia 
338 |a microfilm reel  |b hd  |2 rdacarrier 
490 1 |a Beadle's boy's library of sport, story, and adventure ;  |v no. 29 
500 |a Later editions published under title: Joe, the rover sport. 
500 |a Microfilm. Ann Arbor, Mich. : University Microfilms International, 1981. -- 1 reel ; 35 mm. -- (Dime novels ; Unit 4 ; 29-B4 : reel 45:29). 
500 |a Microform. 
830 0 |a Beadle's boy's library of sport, story, and adventure (Quarto) ;  |v no. 29. 
830 0 |a Beadle's dime novels ;  |v B4-29. 
999 |a MARS 
999 f f |s 38051f68-27c2-35b4-85f6-a7d6bc57f4a9  |i d51a6de0-74d9-3542-9693-3f486fe66e48  |t 0 
952 f f |p default  |a Texas A&M University  |b College Station  |c Sterling C. Evans Library  |d Evans: Microforms (3rd floor)  |t 0  |e film B 3866 reel 45:29  |h Other scheme  |i microform -- microfilm reel 
998 f f |a film B 3866 reel 45:29  |t 0  |l Evans: Microforms (3rd floor)